| 000 | 01348nmc a2200373 a 4500 | ||
|---|---|---|---|
| 003 | AR-BaBNM | ||
| 005 | 20251128205610.0 | ||
| 008 | 278019s1996 ||||||||||||||000 | spa|| | ||
| 020 | _a84-7960-132-9 | ||
| 040 | _cAR-BaBNM | ||
| 245 | 1 | 0 |
_aLa revolución de los medios audiovisuales _beducación y nuevas tecnologías |
| 250 | _a2ª ed. aum. y corr. | ||
| 260 |
_aMadrid _bEdiciones de la Torre _c1996 |
||
| 300 | 0 |
_a461 p. _bil., gráfs., mapas |
|
| 490 | 0 |
_aProyecto Didáctico Quirón. Medios de comunicación y enseñanza _vv. 42 |
|
| 500 | 0 | _aContiene referencias bibliográficas en notas | |
| 500 | 0 | _aDatos de los autores al final de cada colaboración | |
| 500 | 0 | _aAnexo con los datos de las instituciones o personas que trabajan en la educación de los medios en el contexto internacional: p.453-461 | |
| 610 | 2 | 4 | _aUniversidad Nacional de Educación a Distancia [España] |
| 650 | 4 | _aMEDIOS DE COMUNICACION | |
| 650 | 4 | _aENSENANZA AUDIOVISUAL | |
| 650 | 4 | _aCOMUNICACION AUDIOVISUAL | |
| 650 | 4 | _aRADIO | |
| 650 | 4 | _aTELEVISION | |
| 650 | 4 | _aMEDIOS AUDIOVISUALES | |
| 650 | 4 | _aPUBLICIDAD | |
| 653 | 0 | _aNUEVAS TECNOLOGIAS | |
| 653 | 0 | _aEDUCACION TECNOLOGICA | |
| 653 | 0 | _aMULTIMEDIA | |
| 700 | 1 |
_aAparici, Roberto _ecoordinador |
|
| 800 | 1 |
_aAparici, Roberto _ecoordinador |
|
| 942 | _cBK | ||
| 998 | _carturo | ||
| 999 |
_c12069 _d12069 |
||